Pengambilan dan Pemilihan pekerja dalam organisasi

Bibliographic Details
Main Author: Zafir Mohd Makhbul
Format: Book
Published: Selangor : Leeds Publications , 2003
Subjects:

MARC

LEADER 00000cam a2200000 7i4500
001 0000015540
005 20050901.0
020 |a 9832431387 
040 |a INS 
090 0 0 |a HF5549.5   |b Z11 2003 
100 0 |a Zafir Mohd Makhbul 
245 0 0 |a Pengambilan dan Pemilihan pekerja dalam organisasi 
260 |a Selangor :   |b Leeds Publications ,   |c 2003 
300 |a ix :   |b 98p. ;   |c 19cm. 
650 0 0 |a Employees   |x Recruiting 
999 |a 0000015180   |b BOOK   |c Open Shelf   |e Default branch